Normal view
MARC view
- Bilal Ahmad Chauhan.
Entry Personal Name
001 - CONTROL NUMBER
- control field: 26526
003 - CONTROL NUMBER IDENTIFIER
- control field: NUST
005 - DATE AND TIME OF LATEST TRANSACTION
- control field: 20191205151915.0
008 - FIXED-LENGTH DATA ELEMENTS
- fixed length control field: 191205|| aca||aabn | a|a d
040 ## - CATALOGING SOURCE
- Original cataloging agency: NUST
- Transcribing agency: NUST
100 ## - HEADING--PERSONAL NAME
- Personal name: Bilal Ahmad Chauhan.
670 ## - SOURCE DATA FOUND
- Source citation: Work cat.: (NUST): Khalid, Rabiya 26525, To Study the Impact of Pablicity of Raids by Punjab Food Authority on the Brand Image of Loved food Brands with Customers:, 2016.
